000 00347nam a2200145Ia 4500
005 20251222153603.0
008 251222s9999||||xx |||||||||||||| ||spa||
020 _a8441321124
082 _a938/D96
100 _a Durando, Furio
245 0 _aGrandes Civilizaciones del pasado:
250 _a1ra .ed
264 _bEdiciones Folio
942 _cLIB
999 _c31307
_d31307